|
|
|
|
| LEADER |
00000nam a2200000 4500 |
| 001 |
vtls011765745 |
| 003 |
SK-MaSNL |
| 005 |
20260301142521.0 |
| 008 |
200104s2018 xo f a 100 0 slo |
| 015 |
|
|
|a SNBA2018/07
|
| 020 |
|
|
|a 9788055218366
|q (brožované)
|
| 035 |
|
|
|a urn:nbn:sk:snk-am00d47e
|
| 035 |
|
|
|a urn:nbn:sk:snk-am3hl4j
|
| 035 |
|
|
|a B09621D8-ED92-46EB-8A50-EAFE35DA7F60
|
| 040 |
|
|
|a SNK
|b slo
|c SNK
|e rda
|
| 041 |
0 |
|
|a slo
|
| 044 |
|
|
|a xo
|c SK
|
| 072 |
|
7 |
|a 332
|x Regionálna ekonómia, regionálna ekonomika
|2 konspekt
|
| 080 |
|
|
|a 332.14
|2 2011
|
| 080 |
|
|
|a 711.3
|2 2001
|
| 080 |
|
|
|a 332.055.2
|2 2011
|
| 080 |
|
|
|a 35
|2 2011
|
| 080 |
|
|
|a 502/504
|2 2011
|
| 080 |
|
|
|a (048.3)
|2 2011
|
| 080 |
|
|
|a 338.48
|2 2011
|
| 080 |
|
|
|a (082)
|2 2011
|
| 110 |
2 |
|
|a Slovenská poľnohospodárska univerzita v Nitre.
|b Fakulta európskych štúdií a regionálneho rozvoja.
|b Študentská vedecká konferencia
|d (2018 :
|c Nitra, Slovensko)
|4 aut
|9 498226
|
| 245 |
1 |
0 |
|a Študentská vedecká konferencia FEŠRR 2018
|c zostavil: Valéria Magáthová
|
| 250 |
|
|
|a Vydanie: prvé
|
| 264 |
|
1 |
|a Nitra
|b Slovenská poľnohospodárska univerzita v Nitre, Fakulta európskych štúdií a regionálneho rozvoja
|c 2018
|
| 300 |
|
|
|a 10 strán
|c 21 cm
|
| 336 |
|
|
|a text
|b txt
|2 rdacontent
|
| 337 |
|
|
|a bez média
|b n
|2 rdamedia
|
| 338 |
|
|
|a zväzok
|b nc
|2 rdacarrier
|
| 366 |
|
|
|e 50 kusov
|
| 650 |
0 |
7 |
|a regionálna politika
|2 SNKPH
|9 2351
|
| 650 |
0 |
7 |
|a rozvoj vidieka
|2 SNKPH
|9 2927
|
| 650 |
0 |
7 |
|a regionálny rozvoj
|2 SNKPH
|9 2352
|
| 650 |
0 |
7 |
|a verejná správa
|2 SNKPH
|9 1538
|
| 650 |
0 |
7 |
|a životné prostredie
|2 SNKPH
|9 786
|
| 650 |
0 |
7 |
|a cestovný ruch
|2 SNKPH
|9 999
|
| 650 |
0 |
7 |
|a Regional policy
|2 SNKPHeng
|9 315259
|
| 650 |
0 |
7 |
|a Rural development
|2 SNKPHeng
|9 317801
|
| 650 |
0 |
7 |
|a Regional development
|2 SNKPHeng
|9 98197
|
| 650 |
0 |
7 |
|a Public administration
|2 SNKPHeng
|9 266247
|
| 650 |
0 |
7 |
|a Environment
|2 SNKPHeng
|9 267078
|
| 650 |
0 |
7 |
|a Tourism
|2 SNKPHeng
|9 266335
|
| 655 |
|
7 |
|a abstrakty
|2 SNKPH
|9 22516
|
| 655 |
|
7 |
|a zborníky konferencií
|2 SNKPH
|9 70153
|
| 655 |
|
7 |
|a Abstracts
|2 SNKPHeng
|9 275616
|
| 655 |
|
7 |
|a Proceedings of conferences
|2 SNKPHeng
|9 265791
|
| 700 |
1 |
|
|a Magáthová, Valéria
|9 266176
|
| 919 |
|
|
|a 978-80-552-1836-6
|
| 999 |
|
|
|c 770477
|d 772407
|
| 952 |
|
|
|a SNK
|b SNK
|y PREZ
|7 0
|p 17A1333360
|o snkSC 180183
|i snk2018/14583
|8 0
|0 0
|1 0
|4 0
|d 2018-07-09
|f 1
|l 0
|r 2026-02-24 00:33:13
|w 2026-02-24
|
| 952 |
|
|
|a SNK
|b SNK
|y VYP
|7 0
|p 17A1333361
|o snkSC 180183 D1
|i snk2018/14586
|8 0
|0 0
|1 0
|4 0
|d 2018-07-09
|l 0
|r 2026-02-24 00:33:13
|w 2026-02-24
|